La invención de morel /
Guardado en:
| Autor Principal: | |
|---|---|
| Formato: | Libro |
| Publicado: |
Buenos Aires :
Planeta,
2000
|
| Series: | Biblioteca La Nación
|
| Materias: | |
| Etiquetas: |
Agregar Etiqueta
Sin Etiquetas, Sea el primero en etiquetar este registro!
|
| LEADER | 00574nam a22002055a 4500 | ||
|---|---|---|---|
| 001 | CEM.cems013976 | ||
| 005 | 20130605163554.0 | ||
| 008 | 130507s2000##################000#0#####d | ||
| 003 | CEMS | ||
| 020 | |a 9504904637 | ||
| 082 | 0 | 4 | |a A863.4 |
| 100 | 1 | |a Bioy Casares, Adolfo | |
| 245 | 1 | 0 | |a La invención de morel / |c Adolfo Bioy Casares |
| 260 | |a Buenos Aires : |b Planeta, |c 2000 | ||
| 300 | |a 168 p. | ||
| 490 | 0 | |a Biblioteca La Nación | |
| 653 | |a Literatura | ||
| 653 | |a Literatura argentina | ||
| 653 | |a Novela | ||
| 859 | |a CEMS |b BIB. CEMS - 11 de abril |h A863.4 |i B525-1 |p 26663.13 |t Ej.1 | ||
